Statistics for Albania Prefectures Quiz

Click here to take the quiz!

General Stats

  • This quiz has been taken 35 times
  • The average score is 6 of 12

Answer Stats

CapitalPrefecture% Correct
______Tirana
100%
______Korçë
70%
______Vlorë
65%
______Durrës
60%
______Berat
55%
______Fier
55%
______Elbasan
45%
______Kukës
45%
______Shkodër
45%
______Gjirokastër
35%
______Lezhë
30%
PeshkopiDibër
25%

Score Distribution

Percentile by Number Answered

Percent of People with Each Score

Your Score History

You have not taken this quiz